Tilastot visalle Eduskuntavaaleissa 2023 valitut kansanedustajat

Klikkaa tästä pelataksesi tätä visaa!

Yleistilastot

  • Tätä visaa on pelattu 188 kertaa
  • Keskiarvotulos 84 / 200

Vastaustilastot

PuolueVaalipiiriKansanedustaja% Oikein
KOKVarsinais-SuomiPetteri Orpo
98%
SDPPirkanmaaSanna Marin
98%
VASVarsinais-SuomiLi Andersson
94%
RKPVaasaAnna-Maja Henriksson
92%
PSHelsinkiJussi Halla-aho
92%
PSUusimaaRiikka Purra
92%
LIIKUusimaaHarry Harkimo
91%
KESKVarsinais-SuomiAnnika Saarikko
87%
VIHRHelsinkiMaria Ohisalo
85%
KDSavo-KarjalaSari Essayah
85%
PSUusimaaLeena Meri
83%
VIHRPirkanmaaOras Tynkkynen
83%
RKPUusimaaOtto Andersson
83%
PSOuluSebastian Tynkkynen
83%
SDPVaasaKim Berg
79%
KDHämePäivi Räsänen
79%
RKPUusimaaAnders Adlercreutz
77%
PSPirkanmaaMiko Bergbom
77%
VIHRHelsinkiPekka Haavisto
75%
KOKKaakkois-SuomiAntti Häkkänen
74%
KOKHelsinkiElina Valtonen
74%
SDPUusimaaJoona Räsänen
74%
VIHRVarsinais-SuomiSofia Virta
74%
SDPUusimaaAntti Lindtman
72%
VIHRHelsinkiFatim Diarra
72%
SDPSatakuntaKrista Kiuru
72%
KESKUusimaaAntti Kaikkonen
70%
KOKPirkanmaaPauli Kiuru
70%
PSKaakkois-SuomiJani Mäkelä
68%
KESKLappiKatri Kulmuni
68%
VIHRHelsinkiAtte Harjanne
66%
VIHRUusimaaTiina Elo
66%
PSVarsinais-SuomiVilhelm Junnila
66%
PSHelsinkiWille Rydman
66%
KOKHelsinkiBen Zyskowicz
64%
RKPHelsinkiEva Biaudet
64%
KOKUusimaaKai Mykkänen
64%
PSHelsinkiMari Rantanen
64%
PSVarsinais-SuomiRitva Elomaa
64%
KOKKeski-SuomiSinuhe Wallinheimo
64%
KDUusimaaMika Poutala
62%
KOKHämeSanni Granh-Laasonen
62%
PSKaakkois-SuomiSheikki Laakso
62%
PSVarsinais-SuomiVille Tavio
62%
KOKSatakuntaMatias Marttinen
60%
VASHelsinkiMinja Koskela
60%
KDVaasaPeter Östman
60%
SDPKeski-SuomiPiritta Rantanen
60%
SDPOuluTytti Tuppurainen
60%
SDPPirkanmaaVille Merinen
60%
SDPVarsinais-SuomiAki Lindén
58%
KESKVaasaAntti Kurvinen
58%
SDPPirkanmaaIlmari Nurminen
58%
PSSatakuntaJari Koskela
58%
KESKVaasaMika Lintilä
58%
SDPHelsinkiTuula Haatainen
58%
PSSatakuntaLaura Huhtasaari
57%
SDPKeski-SuomiRiitta Mäkinen
53%
KOKUusimaaSari Multala
53%
SDPHelsinkiEveliina Heinäluoma
51%
PSPirkanmaaJoakim Vigelius
51%
PSKaakkois-SuomiJuho Eerola
51%
SDPVaasaMatias Mäkynen
51%
SDPHelsinkiNasima Razmyar
51%
KOKVarsinais-SuomiPauli Aalto-Setälä
51%
SDPHelsinkiTimo Harakka
51%
KESKSatakuntaEeva Kalli
49%
SDPHämeJohannes Koskinen
49%
SDPUusimaaKimmo Kiljunen
49%
VASOuluMerja Kyllönen
49%
PSHämeMira Nieminen
49%
PSPirkanmaaVeijo Niemi
49%
KOKPirkanmaaAnna-Kaisa Ikonen
47%
SDPPirkanmaaMarko Asell
47%
PSVaasaMauri Peltokangas
47%
KOKVaasaPaula Risikko
47%
VIHRUusimaaSaara Hyrkkö
47%
PSPirkanmaaSakari Puisto
47%
VASUusimaaJussi Saramo
45%
PSLappiKaisa Juuso
45%
VIHRSavo-KarjalaKrista Mikkonen
45%
RKPVarsinais-SuomiSandra Bergqvist
45%
VASVarsinais-SuomiTimo Furuholm
45%
SDPKaakkois-SuomiAnna-Kristiina Mikkonen
43%
PSHämeLulu Ranne
43%
SDPUusimaaMaria Guzenina
43%
KOKHämeTimo Heinonen
43%
KOKUusimaaJarno Limnell
42%
KOKSavo-KarjalaMarko Kilpi
42%
KESKLappiMarkus Lohi
42%
SDPHämeTarja Filatov
42%
VASOuluHanna Sarkkinen
40%
KOKUusimaaSusanne Päivärinta
40%
KOKKeski-SuomkVille Väyrynen
40%
KOKPirkanmaaAleksi Jäntti
38%
VASPirkanmaaAnna Kontula
38%
VIHRKeski-SuomiBella Forsgrén
38%
SDPHelsinkiElisa Gebhard
38%
KOKHelsinkiJarmo Lindberg
38%
KOKOuluJuha Hänninen
38%
KESKVaasaMikko Savola
38%
KESKOuluOlga Oinas-Panuma
38%
KOKPirkanmaaArto Satonen
36%
SDPPirkanmaaLauri Lyly
36%
KOKUusimaaPekka Toveri
36%
KOKHelsinkiSari Sarkomaa
36%
VASHämeAino-Kaisa Pekonen
34%
KOKHelsinkiAtte Kaleva
34%
SDPUusimaaEemeli Peltonen
34%
VASHelsinkiMai Kivelä
34%
PSHämeRami Lehtinen
34%
KOKVarsinais-SuomiSaara-Sofia Sirén
34%
KOKHelsinkiTerhi Koulumies
34%
KESKSavo-KarjalaHanna Huttunen
32%
KOKLappiHeikki Autto
32%
SDPUusimaaHelena Marttila
32%
RKPUusimaaHenrik Wickström
32%
VIHRUusimaaInka Hopsu
32%
PSUusimaaJorma Piisinen
32%
KOKUusimaaNoora Fagerström
32%
VASHelsinkiVeronika Honkasalo
32%
SDPHämeVille Skinnari
32%
KESKKaakkois-SuomiHanna Kosonen
30%
KESKOuluHanna-Leena Mattila
30%
KOKUusimaaHeikki Vestman
30%
SDPLappiJohanna Ojala-Niemelä
30%
KESKPirkanmaaJouni Ovaska
30%
VASSavo-KarjalaLaura Meriluoto
30%
KESKOuluPekka Aittakumpu
30%
PSSavo-KarjalaSanna Antikainen
30%
KDPirkanmaaSari Tanus
30%
SDPSavo-KarjalaSeppo Eskelinen
30%
KESKKaakkois-SuomiVesa Kallio
30%
KOKVarsinais-SuomiVille Valkonen
30%
KOKOuluMari-Leena Talvitie
28%
KOKUusimaaPihla Keto-Huovinen
28%
PSLappiSara Seppänen
28%
KOKPirkanmaaSofia Vikman
28%
SDPKeski-SuomiJani Kokko
26%
VIHROuluJenni Pitko
26%
RKPVaasaMikko Ollikainen
26%
PSSatakuntaPetri Huru
26%
PSUusimaaTeemu Keskisarja
26%
KOKUusimaaTere Sammallahti
26%
SDPVarsinais-SuomiEeva-Johanna Eloranta
25%
KESKSavo-KarjalaHannu Hoskonen
25%
PSVaasaJuha Mäenpää
25%
PSUusimaaOnni Rostila
25%
KESKKeski-SuomiPetri Honkonen
25%
PSUusimaaAri Koponen
23%
PSUusimaaArja Juvonen
23%
VIHRKaakkois-SuomiHanna Holopainen
23%
KOKOuluJanne Heikkinen
23%
KOKKaakkois-SuomiJukka Kopra
23%
KOKSavo-KarjalaKaroliina Partanen
23%
RKPVaasaJoakim Strand
21%
KOKUusimaaMia Laiho
21%
PSVarsinais-SuomiMikko Lundén
21%
KOKUusimaaPia Kauma
21%
SDPSavo-KarjalaTuula Väätäinen
21%
KOKKaakkois-SuomiVille Kaunisto
21%
KESKHämeHilkka Kemppi
19%
PSOuluJenna Simula
19%
KOKSatakuntaMari Kaunistola
19%
RKPAhvenanmaaMats Löfström
19%
SDPOuluPia Hiltunen
19%
PSKeski-SuomiTomi Immonen
19%
KESKOuluTuomas Kettunen
19%
PSOuluVille Vähämäki
19%
KOKVaasaJanne Jukkola
17%
SDPSatakuntaJuha Viitala
17%
PSSavo-KarjalaMinna Reijonen
17%
SDPKaakkois-SuomiNiina Malm
17%
SDPUusimaaPinja Perholehto
17%
SDPVarsinais-SuomiSaku Nikkanen
17%
KOKHämeTeemu Kinnari
17%
KESKKeski-SuomiAnne Kalmari
15%
PSOuluAntti Kangas
15%
KOKHelsinkiAura Salla
15%
PSHämeJari Ronkainen
15%
PSKeski-SuomiKaisa Garedew
15%
KOKSavo-KarjalaMarkku Eestilä
15%
SDPHämeMika Kari
15%
SDPKaakkois-SuomiPaula Werning
15%
SDPPirkanmaaPia Viitanen
15%
PSPirkanmaaSami Savio
15%
SDPKaakkois-SuomiSuna Kymäläinen
15%
RKPVaasaAnders Norrback
13%
KESKUusimaaEerikki Viljanen
13%
SDPUusimaaJohan Kvarnström
13%
KOKVarsinais-SuomiMilla Lahdenperä
13%
KOKKaakkois-SuomiOskari Valtola
13%
PSVaasaAnne Rintamäki
11%
PSVaasaPia Sillanpää
11%
PSKaakkois-SuomiJaana Strandman
9%
SDPSavo-KarjalaTimo Suhonen
9%
PSSavo-KarjalaTimo Vornanen
9%
PSOuluMikko Polvinen
8%
KESKSavo-KarjalaMarkku Siponen
6%
KESKOuluTimo Mehtälä
6%

Tulosjakauma

Persentiili vastausten määrän mukaan

Jokaisen tuloksen saaneiden osuus

Tuloshistoriasi

Et ole pelannut tätä visaa